Statistics for Ireland Rugby - 15 or more tries

Click here to take the quiz!

General Stats

  • This quiz has been taken 701 times
    (287 since last reset)
  • The average score is 7 of 14

Answer Stats

TriesPlayer% Correct
46Brian O'Driscoll
97%
34Keith Earls
81%
16Ronan O'Gara
75%
30Tommy Bowe
69%
16Rob Kearney
62%
19Jacob Stockdale
54%
21Shane Horgan
51%
15Keith Wood
50%
17Andrew Trimble
41%
29Denis Hickie
32%
18Geordan Murphy
29%
19Girvan Dempsey
26%
15Kevin Maggs
10%
17Brendan Mullin
9%

Score Distribution

Percentile by Number Answered

Percent of People with Each Score

Your Score History

You have not taken this quiz since the last reset